Billion Dollar Singers - Statistics

General Stats
  • This quiz has been taken 13 times
  • The average score is 3 of 7
Answer Stats
Net Worth Answer % Correct
$2 billion Taylor Swift
85%
$1 billion Beyoncé
77%
$1 billion Rihanna
62%
$2.8 billion Jay-Z
54%
$1.2 billion Bruce Springsteen
0%
$1 billion Dr. Dre
0%
$1 billion Jimmy Buffett
0%
No matching quizzes found
Score Distribution
Percent of People with Each Score
Percentile by Number Answered
Your Score History
You have not taken this quiz